Представление документа в формате RUSMARC

ПолеНазваниеЗначение
  Тип записи a
  Библиографический уровень m
001 Контрольный номер UONB/MAIN/4fb4df78475445ebb01c4004dd867606
005 Дата корректировки 20260515104028.2
010 Индекс ISBN __
d Цена 80 к.
9 Тираж 350000 экз.
100 Данные общей обработки __
a Данные общей обработки 20260515d1978 u y0rusy0189 ca
101 Язык документа 0_
a Язык текста rus
102 Страна публикации __
a Страна публикации BY
105 Кодированные данные (монография) __
a Кодированные данные (монография) a z 000yy
200 Заглавие и сведения об ответственности 1_
a Заглавие 70 видов овощей на огороде
f Первые сведения об ответственности К. А. Шуин
203 Вид содержания и тип средства __
a Вид содержания Текст
b Характеристика содержания визуальный
c Тип средства непосредственный
210 Выходные данные 1_
a Место издания Минск
c Издательство Ураджай
d Дата издания 1978
215 Физическое описание __
a Объем 159 с.
c Иллюстрации/тип воспроизводства ил.
d Формат 20 см
606 Тематические рубрики 0_
a Основная рубрика Овощи
606 Тематические рубрики 0_
a Основная рубрика ОГОРОДНИЧЕСТВО ПРИУСАДЕБНОЕ
610 Ключевые слова 0_
a Ключевые слова овощеводство; огородничество; огородничество приусадебное
686 Индексы других классификаций __
a Классификационный индекс 42.34.1
2 Код системы rubbk
700 Автор _1
a Фамилия Шуин
b Имя (инициалы) К. А.
g Полное личное имя Константин Александрович
801 Источник записи _0
a Страна RU
b Организация Ульяновская ОНБ
c Дата составления 20260515
g Правила каталогизации RCR
801 Источник записи _1
a Страна RU
b Организация Ульяновская ОНБ
c Дата составления 20260515
g Правила каталогизации RCR
901 Тип документа __
t Тип документа m
909 Создатель записи __
a Создатель записи Мичурина
b Дата создания записи 20260515